Statistiques concernant Trouve le réalisateur et la réalisatrice, Mutant, Alien, Flesh Eating

Cliquez ici pour prendre le quiz!

Statistiques générales

  • Ce quiz a été pris 3 fois
  • Le résultat moyen est 14 sur 35

Statistiques - réponses

Réponse% Correct
Dany Boon
100%
Denis Villeneuve
100%
Alain Chabat
67%
Spike Lee
67%
Aki Kaurismaki
33%
Alexandre Astier
33%
Anthony Russo
33%
Antoneta Alamat Kusijanovic
33%
Baz Luhrmann
33%
Bo Burnham
33%
Francois Ozon
33%
Frank Capra
33%
Giuseppe Tornatore
33%
Guy Ritchie
33%
Jacques Perrin
33%
Jacques Tati
33%
Jean Eustache
33%
Joachim Trier
33%
Joel Schumacher
33%
Joseph L. Mankiewicz
33%
Luc Dardenne
33%
Marc Webb
33%
Martin McDonagh
33%
Mat Reeves
33%
Michael Powell
33%
Nani Morretti
33%
Paul Schrader
33%
Pete Docter
33%
Rebecca Zlotowski
33%
Rian Johnson
33%
Robert Eggers
33%
Romain Gavras
33%
Sofia Coppola
33%
Tsai Ming-Liang
33%
Vincente Minnelli
33%

Distribution des résultats

Percentile par nombre de réponses

% des personnes avec chaque résultat

Votre développement - résultats

Vous n’avez pas pris ce quiz